| 000 | 01782dam a2200325 i 4500 | ||
|---|---|---|---|
| 001 | 991061727879706706 | ||
| 003 | ES-BaIT | ||
| 005 | 20260227104544.0 | ||
| 008 | 250714e202504 fr r 000 1 fre d | ||
| 020 | _a9782749816890 | ||
| 040 |
_aES-BaIT _bcat _erda _cES-BaIT |
||
| 080 | _a840-2"19" | ||
| 100 | 1 |
_aRobert-Espalieu, Emmanuel, _d1970- _eautor _9168742 |
|
| 245 | 1 | 0 |
_aKen / _cEmmanuel Robert-Espalieu |
| 264 | 1 |
_aParis : _bL'avant-scène théâtre, _cavril 2025 |
|
| 300 |
_a89 pàgines ; _c21 cm |
||
| 336 |
_atext _btxt _2rdacontent |
||
| 337 |
_asense mediació _bn _2rdamedia |
||
| 338 |
_avolum _bnc _2rdacarrier |
||
| 490 | 1 |
_aL'Avant-scène théatre ; _vno 1576 |
|
| 500 | _aP3: D2, H1 | ||
| 500 | _aPublicat com no 1576 (avril 2025) de la revista L'Avant-scène théâtre | ||
| 500 | _aEstrena Atelier Théâtre Actuel (Avignon), el 4 de juillet de 2025 | ||
| 520 | _a"Il s'appelle Ken, allors? Elle, se fait bien appeler Augustine. Là réside toute la magie des sites de rencontre : on s'y invente un prénom et une vie, pour se donner plus des chances. Surtout quand on a 60 ans et que l'on doute de son potentiel de séduction... Sauf que les réseaux sociaux, pour Claire - dont c'est le vrai prénom - représentent un univers plein de surprises, voire de dangers. Le risque de se prendre les pieds dans le tapis est grand, et la rélaité se dépêche alors de rattraper la fiction! Une comédie pétillante sur les apparences et la désillusion, qui invite le spectateur à assumer qui il est réellement, avec l'autre, pour l'autre et pour lui-même"-- Contracoberta | ||
| 650 | 0 |
_aXarxes socials _vTextos dramàtics _9168738 |
|
| 830 |
_aAvant-scène. _pThéâtre _vno 1576 _9168170 |
||
| 908 | _aCDMAE | ||
| 940 | _aCDMAE | ||
| 942 |
_2udc _c1 |
||
| 999 |
_c137164 _d137164 |
||